Diseño del Sistema de Alcantarillado Sanitario Condominial y el Sistema de Tratamiento de las aguas residuales en la Ciudad de Palacagüina, Departamento de Madriz
La investigación presenta la propuesta de diseño del sistema de alcantarillado sanitario condominial y planta de tratamiento de aguas residuales para el periodo 2020-2040 del casco urbano del municipio de Palacaguina, departamento de Madriz, con el propósito principal de ayudar al mejoramiento...
| Main Authors: | , |
|---|---|
| Other Authors: | |
| Format: | Tesis Section = Libro |
| Language: | Undetermined Spanish |
| Published: |
Managua
UNI
2019
|
| Subjects: |
| LEADER | 01722nam a2200277Ia 4500 | ||
|---|---|---|---|
| 008 | 240830s9999 xx 000 0 und d | ||
| 040 | |a BIBLIOTECA-RUPAP Mon 628.24 M722 | ||
| 041 | |a spa | ||
| 082 | |a Mon 628.24 M722 | ||
| 100 | 1 | |a Molina Zeledón, David Josué | |
| 100 | 1 | |b Alfaro Gutiérrez, Wester de Jesús | |
| 245 | 1 | 0 | |a Diseño del Sistema de Alcantarillado Sanitario Condominial y el Sistema de Tratamiento de las aguas residuales en la Ciudad de Palacagüina, Departamento de Madriz |
| 260 | |a Managua |b UNI |c 2019 | ||
| 300 | |a 97 p. :il. | ||
| 500 | |a Contiene: anexos y CD. | ||
| 502 | |a Tesis (Ingeniero Civil)- UNI, 2019. | ||
| 520 | 3 | |a La investigación presenta la propuesta de diseño del sistema de alcantarillado sanitario condominial y planta de tratamiento de aguas residuales para el periodo 2020-2040 del casco urbano del municipio de Palacaguina, departamento de Madriz, con el propósito principal de ayudar al mejoramiento de las condiciones higiénico - sanitarias y mejorar la calidad de vida de los habitantes; en la que se aplicó el método geométrico para proyectar la población de diseño con un caudal de diseño de 28.80 l/s. Posteriormente, se obtuvo la topografía del terreno, generaron curvas de nivel con lo cual se conoció el comportamiento del terreno y así identificar la dirección del drenaje de las aguas residuales. | |
| 650 | 7 | |a ALCANTARILLADO SANITARIO-DISEÑO Y CONSTRUCCCION | |
| 650 | 7 | |b INGENIERIA SANITARIA | |
| 650 | 7 | |c AGUAS RESIDUALES | |
| 650 | 7 | |d PLANTA DE TRATAMIENTO DE AGUAS RESIDUALES | |
| 650 | 7 | |e DISEÑO HIDRAULICO | |
| 700 | 1 | |a Tutor: |b Loaisiga, Henry Eduardo Loaisiga | |
| 942 | |c BK |2 ddc | ||
| 991 | |a TESIS | ||
| 999 | |c 16365 | ||